Karnaval, soč. 9 dlja fortepiano /

Hlavní autor: Schumann, Robert, 1810-1856
Další autoři: Gol‘denvejzer, Aleksandr Borisovič, 1875-1961
Jazyk: Nelze použít, není lingvistický obsah
Vydáno: Moskva : Muzgiz, 1952
Fyzický popis: 42 s.
Hudebniny Hudebniny
Uloženo v:
LEADER 00776ncm a22002172a 4500
001 001188765
003 CZ BrMZK
005 20120417103944.0
007 qu
008 120106s1952 ru |||||||||||||||||zxx d
040 |a BOA001  |b cze 
072 7 |a 786  |x Hudba pro klávesové nástroje  |2 Konspekt  |9 9 
100 1 |a Schumann, Robert,  |d 1810-1856  |7 jn19990007863  |4 cmp 
245 1 0 |a Karnaval, soč. 9  |h [hudebnina] :  |b dlja fortepiano /  |c Robert Schumann ; red. A.B. Gol'denvejzera 
260 |a Moskva :  |b Muzgiz,  |c 1952 
300 |a 42 s. 
700 1 |a Gol‘denvejzer, Aleksandr Borisovič,  |d 1875-1961  |7 jn20000601971  |4 edt 
910 |a BOA001  |b Mus4-0330.907 
990 |a MU 
991 |b 201201 
996 6 |b 2619589925  |c Mus4-0330.907  |l MZK  |r Sklad / do 1 hodiny  |n 0  |w 001222017  |u 000010  |a 1  |e BOA001  |j MZK50  |s P